| 000 | 03312cam a22012494i 4500 | ||
|---|---|---|---|
| 003 | PE-LiUPU | ||
| 005 | 20250813185408.0 | ||
| 008 | 160916s2008 ag rb 000 0 spa d | ||
| 020 | _a9789876010535 | ||
| 035 | _a(Sirsi) a239889 | ||
| 040 |
_aPE-LiUPU _bspa _cPE-LiUPU _erda |
||
| 049 | _aPRUA | ||
| 082 | 0 | 4 |
_a306 _bC6 _220 |
| 245 | 0 | 0 |
_aCiberculturas juveniles : _blos jóvenes, sus prácticas y sus representaciones en la era de internet / _Marcelo Urresti (editor). |
| 250 | _aPrimera edición. | ||
| 264 | 1 |
_aBuenos Aires - Argentina : _bCrujía, _c2008. |
|
| 300 |
_a334 páginas ; _c20 centímetros |
||
| 336 |
_atext _2rdacontent |
||
| 337 |
_aunmediated _2rdamedia |
||
| 338 |
_avolume _2rdacarrier |
||
| 504 | _aBibliografía : páginas 324-332. | ||
| 505 | 0 | _aLos usos sociales de las nuevas tecnologías: computadoras, programas e internet desde el punto de vista de los usuarios -- Bloggers, webmasters y hackers: desde la comunicación personal hasta la utopía comunitaria -- Los géneros hipertextuales como nuevas formas de comunicación, información y entretenimiento -- Los foros: microcomunidades de afinidad electiva. | |
| 526 | _aP202 | ||
| 526 | _aP201 | ||
| 526 | _aP163 | ||
| 526 | _aP162 | ||
| 526 | _aP161 | ||
| 526 | _aP160 | ||
| 526 | _aP148 | ||
| 526 | _aP147 | ||
| 526 | _aP146 | ||
| 526 | _aP145 | ||
| 526 | _aP144 | ||
| 526 | _aP143 | ||
| 526 | _aP142 | ||
| 526 | _aP141 | ||
| 526 | _aP140 | ||
| 526 | _aP139 | ||
| 526 | _aP138 | ||
| 526 | _aP137 | ||
| 526 | _aP136 | ||
| 526 | _aP135 | ||
| 526 | _aP134 | ||
| 526 | _aP133 | ||
| 526 | _aP129 | ||
| 526 | _aP128 | ||
| 526 | _aP127 | ||
| 526 | _aP120 | ||
| 526 | _aP119 | ||
| 526 | _aP118 | ||
| 526 | _aP116 | ||
| 526 | _aP115 | ||
| 526 | _aP114 | ||
| 526 | _aP110 | ||
| 526 | _aP109 | ||
| 526 | _aP108 | ||
| 526 | _aP104 | ||
| 526 | _aP103 | ||
| 526 | _aP102 | ||
| 526 | _aP99 | ||
| 526 | _aP98 | ||
| 526 | _aP97 | ||
| 526 | _aP96 | ||
| 526 | _aP95 | ||
| 526 | _aP93 | ||
| 526 | _aP90 | ||
| 526 | _aP89 | ||
| 526 | _aP88 | ||
| 526 | _aP83 | ||
| 526 | _aP82 | ||
| 526 | _aP62 | ||
| 526 | _aP59 | ||
| 526 | _aP58 | ||
| 526 | _aP57 | ||
| 526 | _aP51 | ||
| 526 | _aP49 | ||
| 526 | _aP48 | ||
| 526 | _aP47 | ||
| 526 | _aP29 | ||
| 526 | _aP24 | ||
| 526 | _aP20 | ||
| 526 | _aP19 | ||
| 526 | _aP17 | ||
| 526 | _aP15 | ||
| 526 | _aP14 | ||
| 526 | _aP12 | ||
| 526 | _aP10 | ||
| 526 | _aP09 | ||
| 526 | _aP08 | ||
| 526 | _aP07 | ||
| 526 | _aP06 | ||
| 526 | _aP05 | ||
| 526 | _aP04 | ||
| 526 | _aP01 | ||
| 526 | 8 |
_iPrograma academico : _5PE-LiUPU |
|
| 541 | _g0001-0042199 | ||
| 650 | 0 | 4 |
_aInternet _xAspectos sociales. |
| 650 | 0 | 4 | _aRedes sociales en línea. |
| 650 | 0 | 4 |
_aInternet _xSocial Aspects. |
| 650 | 0 | 4 | _aOnline social networking. |
| 700 | 1 |
_aUrresti, Marcelo, _eeditor. |
|
| 910 |
_adbm _bncf _cncf _d20171025 |
||
| 942 |
_2ddc _cBOOK |
||
| 994 |
_aC0 _bPEPRU |
||
| 596 | _a1 | ||
| 999 |
_a306 C6 _wDEWEY _c25555 _i76839 _d25555 _e2019-6-6 _f2021-11-4 _g4 _lCCODEBUL1 _mBUL _n2 _p16.99 _r0 _sY _tBOOK _u2017-10-25 _xBIBLIOTECA _PP33 _0COMPRA _o.STAFF. Colección Ciencias de la Salud |
||
| 980 |
_81 _gALBERTO SANCHEZ Responsable de Automatización |
||